000 00946nam a2200301 4500
003 EG-GICUC
005 20260503142224.0
008 260503s1998 fr ||||fr|||| 00| 0 fre d
040 _aEG-GiCUC
_bfre
_cEG-GiCUC
_dEG-GiCUC
_eRda
041 _afre
_hfre
082 0 4 _221
_a345.3232
_bDE . D
092 0 4 _221
099 _aLaw 07 345.3232 DE . D 1998
100 1 _aDelvolvé, Pierre
_eAuteur
245 1 2 _aDroit public de l'économie /
_cPar Pierre Delvolvé.
264 1 _aParis;
_bdalloz,
_c1998.
300 _a799 page :
_billustration ;
_c 24 cm.
336 _2rda contenu
_a texte
337 _2rda medias
_aOrdinateur
338 _2 transporteur rda
_a Ressource en ligne
504 _aBibliography: pages 200-250. 240-220
546 _aTexte en français
650 1 _aDroit administratif
_2qrmak
651 1 _2qrmak
856 4 0 _uhttps://fll.law.cu.edu.eg/fulltext/bks/B07-05066.pdf
905 _a31
942 _2ddc
_n0
_cBK
_e21
999 _c75187
_d75187